000 00292nam a2200121Ia 4500
005 20251222154322.0
008 251222s9999||||xx |||||||||||||| ||spa||
020 _a950-614-232-7
082 _a142.3/K21
100 _a"Kant, Immanuel"
245 0 _aCrética de la razón pura II
942 _cLIB
999 _c33800
_d33800